Barbie veut Ken (8 mots dans mots) - Statistiques

Statistiques générales
  • Ce quiz a été pris 103 fois
  • Le résultat moyen est 3 sur 8
Answers on the Grid
Answers color-coded by a green-red scale on the quiz's grid according to % correct below.
Surstoc---t
Provo---t
Va---t
Debrea---t
Reloo---t
Urti---t
Stoc---t
---yon
---yane
Suffo---t
Brea---t
Claudi---t
Zou---t
Sé---t
Jerk---t
Fabri---t
 
Statistiques - réponses
Réponse % Correct
Reloo---t
56%
Surstoc---t
50%
Stoc---t
43%
Brea---t
38%
---yane
36%
Zou---t
35%
Debrea---t
34%
Jerk---t
33%
Aucun quiz correspondant
Distribution des résultats
% des personnes avec chaque résultat
Percentile par nombre de réponses
Votre historique - résultats
Vous n’avez pas pris ce quiz